Bayern Munich Top Scorers - Statistics

General Stats
  • This quiz has been taken 149 times
    134 since last reset
  • The average score is 11 of 25
Answer Stats
Country Goals Player (Answer) % Correct
Germany 568 Gerd Muller
99%
Poland 344 Robert Lewandowski
99%
Germany 232 Thomas Muller
98%
Netherlands 144 Arjen Robben
90%
France 124 Franck Ribery
85%
Germany 217 Karl-Heinz Rummenigge
62%
Peru 125 Claudio Pizarro
61%
Germany 113 Mario Gomez
59%
Germany 75 Serge Gnabry
56%
Germany 68 Bastian Schweinsteiger
55%
Germany 100 Lothar Matthaus
50%
Brazil 139 Glovane Elber
44%
Netherlands 103 Roy Makaay
44%
Germany 74 Franz Beckenbauer
42%
Germany 145 Dieter Hoeness
30%
Germany 112 Uli Hoeness
30%
Germany 117 Mehmet Scholl
20%
Germany 110 Paul Breitner
18%
Germany 79 Carsten Jancker
14%
Germany 70 Alexander Zickler
11%
Germany 74 Klaus Augenthaler
7%
Germany 223 Rainer Ohlhauser
7%
Germany 156 Roland Wohlfarth
7%
Germany 95 Franz Roth
6%
Germany 137 Dieter Brenninger
5%
No matching quizzes found
Score Distribution
Percent of People with Each Score
Percentile by Number Answered
Your Score History
You have not taken this quiz since the last reset